000 005680000a22001810004500
003 MACL
005 20160410154759.0
008 160410b xxu||||| |||| 00| 0 eng d
040 _aMACL
_cMACL
041 _aHindi
082 _a590
100 _aगर्ग सी. एल
_950791
245 _aविचित्र समुद्री जीव और पौधे
260 _aनई दिल्‍ली
_bमदन बुक हाउस
_c2009
350 _a200
650 _aजन्‍तु विज्ञान
_951799
942 _cHIN
_k590
_2ddc
999 _c48505
_d48505